CASE STUDIES ON SOCIAL MARKETING A GLOBA (Record no. 32582)
[ view plain ]
| 000 -LEADER | |
|---|---|
| fixed length control field | 00354nam a2200133Ia 4500 |
| 008 - FIXED-LENGTH DATA ELEMENTS--GENERAL INFORMATION | |
| fixed length control field | 240624s9999 xx 000 0 und d |
| 041 ## - LANGUAGE CODE | |
| Language code of text/sound track or separate title | eng |
| 082 ## - DEWEY DECIMAL CLASSIFICATION NUMBER | |
| Classification number | 658.8 LAD |
| 100 ## - MAIN ENTRY--PERSONAL NAME | |
| Personal name | LADERO GALAN MERCEDES M |
| 245 ## - TITLE STATEMENT | |
| Title | CASE STUDIES ON SOCIAL MARKETING A GLOBA |
| 260 ## - PUBLICATION, DISTRIBUTION, ETC. | |
| Date of publication, distribution, etc. | 2019 |
| Place of publication, distribution, etc. | Switzerland |
| Name of publisher, distributor, etc. | Springer |
| 300 ## - PHYSICAL DESCRIPTION | |
| Extent | xiii,-252-P.;23cm |
| 365 ## - TRADE PRICE | |
| Currency code | ERU |
| Price amount | 33 |
| Withdrawn status | Lost status | Damaged status | Not for loan | Home library | Current library | Shelving location | Date acquired | Full call number | Barcode | Date last seen | Copy number | Price effective from | Koha item type |
|---|---|---|---|---|---|---|---|---|---|---|---|---|---|
| IMTN | IMTN | Rack 32-B | 01/07/2022 | 658.8 LAD | 32582 | 06/24/2024 | 88.7 | 06/24/2024 | Books |